Українська ділова мова: комп'ютерна версія (Запис № 330479)

МАРК-запис
000 -Лідер
fixed length control field 00915nam a22002657a 4500
001 - Контрольний номер
control field 44355
003 - Ідентифікатор контрольного номера
control field UA-OsUOA
005 - Дата та час останнього входження (трансакції)
control field 20200531224928.0
007 - Фіксоване поле фізичного опису
fixed length control field ta
008 - Елементи даних фіксованої довжини – загальна інформація
fixed length control field 20070220b un ||||| |||| 00| 0 ukr d
020 ## - Міжнародний стандартний книжковий номер (ISBN)
Міжнародний стандартний книжковий номер (ISBN) (НП) 966-8365-42-9
040 ## - Джерело каталогізації
Агенція оригінальної каталогізації UA-OsUOA
Мова каталогізації ukr
Агенція, яка здійснювала перезапис UA-OsUOA
Агенція, яка здійснювала модифікацію UA-OsUOA
041 ## - Код мови
Код мови тексту/ звукової доріжки чи окремого заголовка (П) ukr
080 ## - Індекс Універсальної десяткової класифікації
Індекс Універсальної десяткової класифікації (УДК) (НП) 811.161.2:004(075.8)
090 ## - Локальний шифр розміщення
Класифікаційний індекс УДК 811.161.2:004(075.8)
Авторський знак (НП) М22
100 ## - Основне введення – ім’я особи
Ім’я особи (НП) Мамрак А.В.
245 ## - Відомості про назву
Назва (НП) Українська ділова мова: комп'ютерна версія
Решта назви (НП) Навч. посібник
260 ## - Публікація, розповсюдження і т.п. (Вихідні дані)
Місце публікації, розповсюдження і т.п. (П) К.
Ім’я/ наймення видавництва, розповсюджувача і т.п. (П) Центр навчальної літератури
Дата публікації, розповсюдження і т.п. (П) 2004
300 ## - Фізичний опис
Обсяг 232 с.
650 #7 - Додаткове предметне введення – тематичний термін
Тематичний термін чи географічна назва, як елемент введення (НП) 8 Мовознавство. Художня література. Літературознавство
Джерело заголовка чи терміна UDC
700 ## - Додаткове введення – ім'я особи
Ім’я особи (НП) Шаров О.І.
942 ## - Додаткові елементи входу (Коха)
Тип елемента Koha Книги
Source of classification or shelving scheme Universal Decimal Classification
955 ## - Код типу видання за змістом
Код типу видання за змістом (НП) Навчальні видання
Фонди
Стан вилучень Стан втрат Джерело класифікації або схеми стелажів Стан уражень Не для кредиту Постійне місце розташування Поточне розміщення Дата придбання Вартість, звичайна ціна покупки Інвентарний номер Усього замовленно Повний номер виклику Штрих-код Дата останнього перегляду Ціна ефективна від Тип елемента Koha Джерело придбання
    Universal Decimal Classification     ЧЗ - Читальна зала ЧЗ - Читальна зала 26/08/2004 20.00 93286   811.161.2 М22 93286 07/02/2022 26/08/2004 Книги  
    Universal Decimal Classification     ЧЗ - Читальна зала ЧЗ - Читальна зала 20/02/2007 20.00 103128   811.161.2:004(075.8) М22 103128 07/02/2022 20/02/2007 Книги 32/2007
    Universal Decimal Classification     ЧЗ - Читальна зала ЧЗ - Читальна зала 20/02/2007 20.00 103129   811.161.2:004(075.8) М22 103129 07/02/2022 20/02/2007 Книги 32/2007
    Universal Decimal Classification     ЧЗ - Читальна зала ЧЗ - Читальна зала 01/04/2009 23.50 120338   811.161.2:004 М22 120338 07/02/2022 01/04/2009 Книги 46/2009